[Event "Hessische EM 2010, D-Turnier"]
[Site "Bad Vilbel"]
[Date "2010.04.04"]
[Round "5"]
[White "Gertz, Berthold"]
[Black "Rennhack, Peer"]
[Result "1/2-1/2"]
[WhiteElo "1953"]
[BlackElo "1674"]
[PlyCount "94"]
[EventDate "2010.??.??"]

1. d4 Nf6 2. c4 g6 3. Nf3 Bg7 4. Nc3 O-O 5. e4 d6 6. Be2 e5 7. dxe5 dxe5 8.
Qxd8 Rxd8 9. Bg5 c6 10. O-O h6 11. Bh4 Bg4 12. Rfd1 Na6 13. h3 Bxf3 14. Bxf3
Rd4 15. Rxd4 exd4 16. Ne2 Re8 17. Nxd4 Nxe4 18. Rd1 Ng5 19. Bxg5 hxg5 20. b3
Nc5 21. Kf1 Rd8 22. Nc2 Rxd1+ 23. Bxd1 Nd3 24. Ne1 Nc1 25. a4 a5 26. Bc2 Na2
27. Nd3 Bd4 28. Ke2 Kg7 29. g4 Kf6 30. f3 Ke6 31. f4 Nc3+ 32. Kf3 gxf4 33.
Nxf4+ Kf6 34. Ne2 Nxe2 35. Kxe2 Ke5 36. Kd3 c5 37. Bd1 Kf4 38. h4 f5 39. gxf5
gxf5 40. h5 Bg7 41. Be2 Bh6 42. Bd1 Kg3 43. Be2 Kf2 44. Bd1 b6 45. Be2 Bg5 46.
Bd1 Kg3 47. Be2 Kf2 1/2-1/2

[Event "Hessische EM 2010, D-Turnier"]
[Site "Bad Vilbel"]
[Date "2010.04.04"]
[Round "5"]
[White "Koch, Thomas"]
[Black "Bender, Sebastian"]
[Result "1/2-1/2"]
[WhiteElo "1567"]
[BlackElo "1871"]
[PlyCount "34"]
[EventDate "2010.??.??"]

1. e4 c5 2. Nf3 Nc6 3. d4 cxd4 4. Nxd4 Nf6 5. Nc3 e5 6. Nxc6 bxc6 7. Bc4 Bb4 8.
O-O Bxc3 9. bxc3 Qa5 10. Qd3 O-O 11. Bg5 Bb7 12. Rab1 Rab8 13. Bxf6 gxf6 14.
Qxd7 Qxc3 15. Rxb7 Rxb7 16. Bxf7+ Rxf7 17. Qg4+ Kf8 1/2-1/2

[Event "Hessische EM 2010, D-Turnier"]
[Site "Bad Vilbel"]
[Date "2010.04.04"]
[Round "5"]
[White "Krischak, Werner"]
[Black "Martens, Nick"]
[Result "1-0"]
[WhiteElo "1827"]
[BlackElo "1506"]
[PlyCount "101"]
[EventDate "2010.??.??"]

1. d4 g6 2. c4 d6 3. Nc3 Bg7 4. e4 Nc6 5. Nf3 Bg4 6. Be3 e5 7. d5 Nce7 8. Be2
f5 9. Ng5 Bxe2 10. Qxe2 Qd7 11. Ne6 Kf7 12. exf5 Nxf5 13. Ne4 h6 14. Qf3 Bf6
15. O-O Ng7 16. g4 Nxe6 17. dxe6+ Qxe6 18. g5 Qf5 19. Qxf5 gxf5 20. Nxf6 Nxf6
21. gxf6 f4 22. Bd2 Rag8+ 23. Kh1 Kxf6 24. Rg1 h5 25. f3 Kf5 26. Rxg8 Rxg8 27.
Rg1 Rxg1+ 28. Kxg1 e4 29. fxe4+ Kxe4 30. Kf2 c6 31. b3 d5 32. cxd5 cxd5 33. Bc1
d4 34. Bd2 d3 35. h3 a6 36. Bc3 b6 37. a4 b5 38. Bd2 h4 39. Bc3 f3 40. Bd2 bxa4
41. bxa4 Kd4 42. Kxf3 Kc4 43. Ke3 Kb3 44. Kxd3 Kxa4 45. Kc4 Ka3 46. Be1 Ka4 47.
Bxh4 a5 48. Be1 Ka3 49. Bxa5 Ka4 50. Bb6 Ka3 51. h4 1-0

[Event "Hessische EM 2010, D-Turnier"]
[Site "Bad Vilbel"]
[Date "2010.04.04"]
[Round "5"]
[White "Kuhnigk, Thomas"]
[Black "Kempf, Alexander"]
[Result "1-0"]
[WhiteElo "1680"]
[BlackElo "1793"]
[PlyCount "83"]
[EventDate "2010.??.??"]

1. d4 d5 2. Nf3 c6 3. Bf4 Nf6 4. Nbd2 e6 5. c3 Be7 6. e3 Nbd7 7. Bd3 c5 8. Ne5
c4 9. Bc2 Bd6 10. Nxf7 Kxf7 11. Bxd6 Qb6 12. Ba3 Re8 13. O-O Kg8 14. e4 Qc6 15.
Qf3 Nf8 16. e5 N6d7 17. Qh5 g6 18. Qh6 b5 19. Bd6 a5 20. Nf3 Ra7 21. h4 Nb6 22.
Nh2 Rg7 23. g4 Bd7 24. g5 Nc8 25. Bc5 Ne7 26. Bxe7 Rexe7 27. Ng4 Be8 28. Nf6+
Kh8 29. f4 Qc7 30. Kf2 Qc6 31. Ke3 Qc8 32. Rh1 Qc6 33. Rh2 Qc7 34. Rah1 Qa7 35.
a3 a4 36. h5 Qb7 37. Nxe8 Rxe8 38. hxg6 Qa7 39. gxh7 Ree7 40. g6 Nd7 41. Rf2
Qb6 42. Rhf1 1-0

[Event "Hessische EM 2010, D-Turnier"]
[Site "Bad Vilbel"]
[Date "2010.04.04"]
[Round "5"]
[White "Mulch, Till"]
[Black "Bachmann, Nick"]
[Result "1-0"]
[WhiteElo "1928"]
[BlackElo "1675"]
[PlyCount "72"]
[EventDate "2010.??.??"]

1. c4 e5 2. g3 g6 3. Bg2 Bg7 4. Nc3 Nf6 5. Nf3 d6 6. O-O O-O 7. d3 c6 8. c5 Bg4
9. cxd6 Qxd6 10. Nd2 Nbd7 11. h3 Be6 12. Qc2 Qe7 13. Rb1 Ne8 14. e4 Nc7 15. f4
exf4 16. gxf4 f5 17. Nf3 Rad8 18. Be3 Nc5 19. d4 Nxe4 20. Nxe4 fxe4 21. Qxe4
Rde8 22. Rbe1 Bc4 23. Ne5 Bxf1 24. Bxf1 Qh4 25. Bc4+ Kh8 26. Re2 g5 27. Rg2
Bxe5 28. dxe5 Qe1+ 29. Kh2 gxf4 30. Bd3 Re7 31. Bd4 Qh4 32. e6+ Rf6 33. Rg4 Qh6
34. Rxf4 Rexe6 35. Rxf6 Rxf6 36. Bxf6+ Qxf6 1-0

[Event "Hessische EM 2010, D-Turnier"]
[Site "Bad Vilbel"]
[Date "2010.04.04"]
[Round "5"]
[White "Hagenberg, Hans-Joachim"]
[Black "Kilian, Peter"]
[Result "1/2-1/2"]
[WhiteElo "1667"]
[BlackElo "1663"]
[PlyCount "135"]
[EventDate "2010.??.??"]

1. d4 Nf6 2. Nf3 d5 3. Bf4 e6 4. e3 c5 5. c3 cxd4 6. exd4 Bd6 7. Bxd6 Qxd6 8.
Bd3 O-O 9. Nbd2 b6 10. Qe2 a5 11. O-O Ba6 12. Ne5 Bxd3 13. Qxd3 Nbd7 14. f4
Rfc8 15. a4 Qc7 16. Rf3 Qb7 17. Rh3 Ne4 18. Nxd7 Qxd7 19. Nxe4 dxe4 20. Qxe4 g6
21. b3 Ra7 22. c4 Rac7 23. Rd1 Qd6 24. Qe5 Rd7 25. Rdd3 Rcd8 26. Qf6 Qa3 27.
Rd1 Qb4 28. Rhd3 Rd6 29. h4 h5 30. g4 hxg4 31. Kg2 e5 32. Qxe5 Re6 33. Qg5 Rde8
34. Qxg4 Re2+ 35. Kf1 Qe7 36. h5 Re1+ 37. Kg2 Re2+ 38. Kg3 Qe4 39. Qf3 Qf5 40.
R1d2 Re1 41. Kf2 R8e4 42. hxg6 Rxf4 43. gxf7+ Kxf7 44. Qxf4 Qxf4+ 45. Kxe1 Qh4+
46. Kd1 Qh1+ 47. Kc2 Ke6 48. Kb2 Kd6 49. c5+ bxc5 50. dxc5+ Kxc5 51. Rc2+ Kb6
52. Rd6+ Kb7 53. Rd7+ Kb6 54. Rd8 Qf3 55. Rb8+ Ka7 56. Rb5 Qf6+ 57. Ka2 Qd8 58.
Ka3 Qd6+ 59. Rcc5 Ka6 60. Rxa5+ Kb6 61. Rab5+ Ka6 62. a5 Ka7 63. Kb2 Qd4+ 64.
Ka2 Qd2+ 65. Ka3 Qd6 66. b4 Qd3+ 67. Kb2 Qe2+ 68. Kb3 1/2-1/2

[Event "Hessische EM 2010, D-Turnier"]
[Site "Bad Vilbel"]
[Date "2010.04.04"]
[Round "5"]
[White "Waschke, Thomas"]
[Black "Becker, Natalie"]
[Result "1-0"]
[WhiteElo "1612"]
[BlackElo "1795"]
[PlyCount "87"]
[EventDate "2010.??.??"]

1. e4 g6 2. d4 d6 3. Nf3 Bg7 4. Be3 Nf6 5. Nc3 c6 6. Be2 b5 7. a3 Nbd7 8. b4 a5
9. O-O O-O 10. Qd2 Re8 11. h3 Bb7 12. Rfd1 a4 13. e5 dxe5 14. dxe5 Nd5 15. Nxd5
cxd5 16. Bxb5 Nxe5 17. Nxe5 Bxe5 18. Bd4 Bxd4 19. Qxd4 e5 20. Qb2 Re7 21. c4
Qb6 22. Re1 e4 23. Qe2 dxc4 24. Bxc4 Rae8 25. Qe3 Qxe3 26. Rxe3 Re5 27. Rae1
Kf8 28. f3 f5 29. fxe4 Rxe4 30. Rxe4 Bxe4 31. Bb5 Ra8 32. Kf2 Rd8 33. g3 Bc2
34. Kf3 Bb3 35. Kf4 Rd5 36. Re8+ Kf7 37. Bc6 Rd2 38. b5 Bd5 39. Rd8 Bxc6 40.
Rxd2 Bxb5 41. Ke5 Ke7 42. Rb2 Bc6 43. Rb6 Bf3 44. Ra6 1-0

[Event "Hessische EM 2010, D-Turnier"]
[Site "Bad Vilbel"]
[Date "2010.04.04"]
[Round "5"]
[White "Bodensohn, Markus"]
[Black "Reichel, Rolf"]
[Result "1-0"]
[WhiteElo "1616"]
[BlackElo "1669"]
[PlyCount "101"]
[EventDate "2010.??.??"]

1. c4 d5 2. cxd5 Qxd5 3. Nc3 Qd8 4. Nf3 Nf6 5. g3 Nc6 6. Bg2 e5 7. d3 Be7 8.
O-O O-O 9. Bd2 Re8 10. Rc1 Bg4 11. h3 Bf5 12. a3 Qd7 13. Kh2 Rad8 14. b4 Bd6
15. Bg5 Be7 16. Bd2 a6 17. Re1 h6 18. Qa4 Qd6 19. Be3 Nd4 20. Qd1 c6 21. Nd2
Nd5 22. Nde4 Qe6 23. Nxd5 cxd5 24. Nc3 Nc6 25. Na4 d4 26. Bd2 e4 27. Nc5 Bxc5
28. Rxc5 exd3 29. exd3 Qg6 30. b5 axb5 31. Rxb5 Rxe1 32. Qxe1 Bxd3 33. Rxb7 Bc4
34. Rb6 Bd5 35. Bxd5 Rxd5 36. Qe8+ Kh7 37. Qxc6 Qf5 38. Bf4 d3 39. Rb2 d2 40.
Rxd2 Rxd2 41. Bxd2 Qxf2+ 42. Qg2 Qd4 43. Bb4 h5 44. h4 f6 45. Qc2+ Kh8 46. Bc3
Qd6 47. a4 g5 48. hxg5 h4 49. Bxf6+ Kg8 50. Qg6+ Kf8 51. Bg7+ 1-0

[Event "Hessische EM 2010, D-Turnier"]
[Site "Bad Vilbel"]
[Date "2010.04.04"]
[Round "5"]
[White "Minarsch, Hans"]
[Black "Koch, Norbert"]
[Result "1/2-1/2"]
[WhiteElo "1574"]
[BlackElo "1662"]
[PlyCount "66"]
[EventDate "2010.??.??"]

1. b3 e5 2. Bb2 Nc6 3. e3 Nf6 4. Bb5 d6 5. Nf3 Be7 6. d4 exd4 7. Nxd4 Bd7 8.
Nxc6 bxc6 9. Be2 O-O 10. c4 d5 11. Nc3 Bb4 12. O-O Be6 13. Qc2 Qe7 14. a3 Bd6
15. Na4 Nd7 16. b4 dxc4 17. Bxc4 Qh4 18. f4 Bg4 19. h3 Bh5 20. Bd3 Rfe8 21. Bd4
Nf6 22. Qxc6 Rad8 23. Qc4 Qg3 24. Be2 Rxe3 25. Bxh5 Nxh5 26. Bxe3 Qxe3+ 27. Rf2
Bxf4 28. Qe2 Qd4 29. Re1 Nf6 30. Kh1 Bg3 31. Rf3 Bxe1 32. Qxe1 Qd1 33. Qxd1
Rxd1+ 1/2-1/2

[Event "Hessische EM 2010, D-Turnier"]
[Site "Bad Vilbel"]
[Date "2010.04.04"]
[Round "5"]
[White "Voellinger, Florian"]
[Black "Schellen, Sven"]
[Result "0-1"]
[WhiteElo "1534"]
[BlackElo "1644"]
[PlyCount "96"]
[EventDate "2010.??.??"]

1. d4 Nf6 2. c4 c5 3. d5 b5 4. cxb5 a6 5. bxa6 Bxa6 6. Nc3 Qa5 7. Bd2 Qb6 8.
Qc1 e6 9. dxe6 fxe6 10. e4 Bxf1 11. Kxf1 Nc6 12. Nf3 Qa6+ 13. Kg1 Nd4 14. Qd1
Qb6 15. Rb1 Nb5 16. e5 Nd5 17. Nxb5 Qxb5 18. a3 Qd3 19. h3 c4 20. Kh2 Bc5 21.
Rf1 O-O 22. Bb4 Qxd1 23. Rfxd1 Bxb4 24. axb4 Rfb8 25. Rd4 Rxb4 26. Rc1 Raa4 27.
Kg3 Kf7 28. Rc2 h6 29. h4 Ke8 30. Rg4 Ne7 31. Nd4 Ra2 32. Nf3 Nf5+ 33. Kh3
Raxb2 34. Rxb2 Rxb2 35. Rxc4 Rxf2 36. Ra4 Ke7 37. Re4 d5 38. exd6+ Kxd6 39. Re1
Ne7 40. Kg3 Ra2 41. Rd1+ Nd5 42. Re1 Ra3 43. Kg4 Ne3+ 44. Kg3 e5 45. Kf2 Ng4+
46. Kg3 h5 47. Rd1+ Ke6 48. Re1 Kf5 0-1

[Event "Hessische EM 2010, D-Turnier"]
[Site "Bad Vilbel"]
[Date "2010.04.04"]
[Round "5"]
[White "Jordake, Michael"]
[Black "Jöckel, Thomas"]
[Result "1-0"]
[WhiteElo "1643"]
[BlackElo "1613"]
[PlyCount "67"]
[EventDate "2010.??.??"]

1. e4 Nf6 2. Nc3 d5 3. e5 Nfd7 4. d4 e6 5. Nf3 c5 6. dxc5 Bxc5 7. Bd3 Nc6 8.
Bb5 Qc7 9. Bxc6 bxc6 10. O-O Nxe5 11. Nxe5 Qxe5 12. Re1 Qf5 13. Qd2 O-O 14. a3
e5 15. b4 Bd4 16. Rb1 a6 17. Nd1 Qf6 18. Rb3 e4 19. Rg3 Be5 20. f4 Bd4+ 21. Kh1
Bf5 22. c3 Bb6 23. Bb2 Qh6 24. c4 f6 25. cxd5 c5 26. Ne3 Bd7 27. Ng4 Bxg4 28.
Rxg4 cxb4 29. axb4 Qh5 30. Qe2 Qf5 31. d6 Rac8 32. Rg3 e3 33. Qxa6 Rc6 34. Qb7
1-0

[Event "Hessische EM 2010, D-Turnier"]
[Site "Bad Vilbel"]
[Date "2010.04.04"]
[Round "5"]
[White "Stoll, Ulrich"]
[Black "Becker, Peter"]
[Result "1/2-1/2"]
[WhiteElo "1609"]
[BlackElo "1952"]
[PlyCount "77"]
[EventDate "2010.??.??"]

1. e4 d6 2. d4 g6 3. Nc3 Bg7 4. Nf3 Nf6 5. Be2 O-O 6. O-O c6 7. Re1 Nfd7 8. Be3
b5 9. a3 Bb7 10. Qd2 e5 11. Bh6 a6 12. Rad1 Bxh6 13. Qxh6 f6 14. dxe5 dxe5 15.
Rd6 Qe7 16. Red1 Nb6 17. R6d2 N8d7 18. Qh3 Nc5 19. a4 Bc8 20. Qg3 b4 21. Nd5
cxd5 22. exd5 Ne4 23. d6 Nxg3 24. dxe7 Nxe2+ 25. Kf1 Re8 26. Kxe2 Rxe7 27. b3
a5 28. Rd6 Ba6+ 29. Ke3 Nc8 30. Rxf6 Kg7 31. Rc6 Bb7 32. Rc5 Bxf3 33. Kxf3 Na7
34. Rxa5 Rf8+ 35. Ke3 Nc6 36. Rc5 Nd4 37. a5 Re6 38. Ra1 Ra8 39. Ra4 1/2-1/2

[Event "Hessische EM 2010, D-Turnier"]
[Site "Bad Vilbel"]
[Date "2010.04.04"]
[Round "5"]
[White "Riha, Peter"]
[Black "Struth, Jürgen"]
[Result "1/2-1/2"]
[WhiteElo "1821"]
[BlackElo "1625"]
[PlyCount "38"]
[EventDate "2010.??.??"]

1. d4 Nf6 2. c4 e5 3. dxe5 Ng4 4. Bf4 Nc6 5. Nf3 Bb4+ 6. Nc3 Bxc3+ 7. bxc3 Qe7
8. Qd5 f6 9. exf6 Nxf6 10. Qd1 d6 11. Nd4 Ne5 12. Qb3 c6 13. e3 O-O 14. Be2 Kh8
15. O-O Ne4 16. Rad1 Nc5 17. Qc2 Qf7 18. Rd2 Be6 19. Nxe6 Nxe6 1/2-1/2

[Event "Hessische EM 2010, D-Turnier"]
[Site "Bad Vilbel"]
[Date "2010.04.04"]
[Round "5"]
[White "Traut, Stefan"]
[Black "Falkenhainer, Sven"]
[Result "1/2-1/2"]
[WhiteElo "1825"]
[BlackElo "1595"]
[PlyCount "101"]
[EventDate "2010.??.??"]

1. d4 d5 2. Nf3 Nf6 3. c4 e6 4. g3 b6 5. Bg2 Bb7 6. Ne5 Bd6 7. Nc3 O-O 8. O-O
c6 9. Qb3 Nbd7 10. Nxd7 Qxd7 11. e4 dxe4 12. Nxe4 Nxe4 13. Bxe4 c5 14. Bxb7
Qxb7 15. Be3 cxd4 16. Bxd4 Rfd8 17. Rfd1 Qc6 18. Rac1 Bc5 19. Qe3 Bxd4 20. Rxd4
Rd7 21. Rcd1 Rad8 22. Qe5 f6 23. Qe3 e5 24. Rxd7 Rxd7 25. Rd3 Kf7 26. Qd2 Rxd3
27. Qxd3 g6 28. h4 Ke6 29. b3 Qd6 30. Qxd6+ Kxd6 31. b4 e4 32. f4 exf3 33. Kf2
Ke5 34. Kxf3 Kd4 35. c5 bxc5 36. bxc5 Kxc5 37. Ke4 a5 38. g4 a4 39. h5 a3 40.
hxg6 hxg6 41. Kd3 f5 42. gxf5 gxf5 43. Kc3 f4 44. Kd3 f3 45. Ke3 Kc4 46. Kxf3
Kc3 47. Ke3 Kb2 48. Kd2 Kb1 49. Kd1 Kxa2 50. Kc2 Ka1 51. Kc1 1/2-1/2

[Event "Hessische EM 2010, D-Turnier"]
[Site "Bad Vilbel"]
[Date "2010.04.04"]
[Round "5"]
[White "Noblé, Daniel"]
[Black "Babel, Dirk"]
[Result "1/2-1/2"]
[WhiteElo "1647"]
[BlackElo "1557"]
[PlyCount "47"]
[EventDate "2010.??.??"]

1. e4 e5 2. Bc4 Bc5 3. Nf3 d6 4. c3 Bg4 5. d4 exd4 6. cxd4 Bb6 7. Be3 Nf6 8.
Nbd2 O-O 9. Qc2 Qe7 10. h3 Bh5 11. Nh4 Nc6 12. Nf5 Qd7 13. Bb5 Nb4 14. Qa4 Nc2+
15. Kf1 Nxe3+ 16. fxe3 c6 17. Bd3 Rae8 18. g4 Bg6 19. Qc2 Bxf5 20. gxf5 Nh5 21.
Kf2 Qe7 22. Nf3 Nf6 23. Nd2 Nh5 24. Nf3 1/2-1/2

[Event "Hessische EM 2010, D-Turnier"]
[Site "Bad Vilbel"]
[Date "2010.04.04"]
[Round "5"]
[White "Bachmann, Björn"]
[Black "Rüll, Michael"]
[Result "0-1"]
[WhiteElo "1534"]
[BlackElo "1778"]
[PlyCount "65"]
[EventDate "2010.??.??"]

1. e4 c5 2. Nf3 Nc6 3. d4 cxd4 4. c3 Nf6 5. e5 Nd5 6. cxd4 d6 7. Bc4 Nb6 8. Bb5
d5 9. h3 Bf5 10. Nc3 e6 11. O-O Be7 12. Re1 O-O 13. a3 f6 14. exf6 Rxf6 15. Nh4
Rc8 16. Nxf5 exf5 17. Bg5 Rf7 18. Bxe7 Rxe7 19. Be2 Nc4 20. b3 Nb6 21. Qd3 Qe8
22. Rad1 Na5 23. Nb5 Rc6 24. Nxa7 Rce6 25. Kf1 f4 26. Nb5 Nxb3 27. Qxb3 Rxe2
28. Rxe2 Rxe2 29. Nc7 Qh5 30. Qxb6 f3 31. gxf3 Qxf3 32. Qe6+ Rxe6 33. Nxe6 0-1

[Event "Hessische EM 2010, D-Turnier"]
[Site "Bad Vilbel"]
[Date "2010.04.04"]
[Round "5"]
[White "Lietz, Helmuth"]
[Black "Reichel, Günther"]
[Result "1-0"]
[WhiteElo "1608"]
[BlackElo "1730"]
[PlyCount "51"]
[EventDate "2010.??.??"]

1. d4 e6 2. c4 f5 3. Nc3 Nf6 4. Bf4 Bb4 5. Rc1 Ne4 6. Nf3 O-O 7. e3 b6 8. Be2
Bb7 9. O-O Bxc3 10. bxc3 d6 11. Qb3 c5 12. Rfd1 Nd7 13. Nd2 Ndf6 14. Nxe4 fxe4
15. dxc5 d5 16. cxd5 exd5 17. c4 Qd7 18. cxd5 Bxd5 19. Bc4 Rfd8 20. Bxd5+ Nxd5
21. c6 Qf7 22. c7 Nxc7 23. Qxf7+ Kxf7 24. Rxd8 Rxd8 25. Rxc7+ Kg6 26. g4 1-0

[Event "Hessische EM 2010, D-Turnier"]
[Site "Bad Vilbel"]
[Date "2010.04.04"]
[Round "5"]
[White "Sendinc, Burhanettin"]
[Black "El-Lawindy, Asem"]
[Result "1/2-1/2"]
[WhiteElo "1511"]
[BlackElo "1533"]
[PlyCount "49"]
[EventDate "2010.??.??"]

1. e4 e5 2. Nf3 Nf6 3. Nc3 Bb4 4. Nxe5 Bxc3 5. dxc3 Qe7 6. Nf3 Qxe4+ 7. Be2 O-O
8. O-O d6 9. Bg5 Nbd7 10. Re1 Qd5 11. Bd3 h6 12. Bh4 g5 13. Bg3 Nc5 14. Qd2
Nxd3 15. cxd3 Bg4 16. Nd4 Nh5 17. h3 Bf5 18. Nxf5 Qxf5 19. Bh2 Nf6 20. Re2 Rae8
21. Rae1 Rxe2 22. Rxe2 Re8 23. Rxe8+ Nxe8 24. Qe3 Kf8 25. Kf1 1/2-1/2

[Event "Hessische EM 2010, D-Turnier"]
[Site "Bad Vilbel"]
[Date "2010.04.04"]
[Round "5"]
[White "Hastenrath, Teja"]
[Black "Brueckner, Ewald"]
[Result "1-0"]
[WhiteElo "1674"]
[BlackElo "1546"]
[PlyCount "113"]
[EventDate "2010.??.??"]

1. d4 b6 2. c4 e6 3. Nc3 Bb7 4. Nf3 d6 5. e4 Nd7 6. Bd3 e5 7. d5 Be7 8. O-O
Ngf6 9. h3 O-O 10. Be3 a6 11. b4 Bc8 12. g4 h6 13. Qd2 Nh7 14. Nh2 Ng5 15. Kg2
Nh7 16. Ne2 g5 17. Ng3 Ndf6 18. f3 Kh8 19. Rh1 Ng8 20. Rag1 Bd7 21. Nhf1 c6 22.
dxc6 Bxc6 23. Nf5 Bd7 24. N1g3 a5 25. b5 Be6 26. Bf2 Rc8 27. Ne3 Bf6 28. Ngf5
Bg7 29. h4 f6 30. hxg5 fxg5 31. Rh3 Rc7 32. Rgh1 Rff7 33. Kf1 Qf8 34. Bg1 Rf6
35. Nd5 Bxd5 36. exd5 Rb7 37. Be4 Qc8 38. Qc2 Bf8 39. Be3 Rc7 40. Bd3 Qb7 41.
Qf2 Rcf7 42. Bxb6 Ne7 43. Bxa5 Nxd5 44. Be4 Qa8 45. Be1 Qa3 46. cxd5 Qc1 47.
Qe2 Rc7 48. Nxh6 Qf4 49. Kg2 Bxh6 50. Bd2 Qxe4 51. Qxe4 Rcf7 52. Rxh6 Rxh6 53.
Rxh6 Kg8 54. Qg6+ Rg7 55. Qe8+ Nf8 56. Rf6 e4 57. Rxf8+ 1-0